000 00804nam a22002897a 4500
001 BR0706502
003 BR-BrBNA
005 20230928102557.0
007 ta
008 230509b bl.||||| |||| 00| 0 por d
040 _aBR-BrBNA
_bpor
_cBiblioteca Nacional de Agricultura
041 _a(Por)
072 _aD50; E70
090 _ D50 BR0706502
110 1 _aMinistério da Agricultura e do Abastecimento, Brasília, DF (Brasil)
_96726
245 1 _aLegislação de bebidas
260 3 _aBrasília, DF (Brasil):
_c1994.
300 _avp.
650 _aBEBIDA NÃO ALCÓOLICA
650 _aBEBIDA ALCÓOLICA
650 _aLEGISLAÇÃO
650 _aCLASSIFICAÇÃO DE PRODUTO
650 _aREGISTRO
650 _aINSPEÇÃO VEGETAL
909 _a202309
_bLucia
_c55
_dLucia Elande
942 _cBK
999 _c71490
_d71490